<?xml version="1.0" encoding="UTF-8"?>
<record
    xmlns:xsi="http://www.w3.org/2001/XMLSchema-instance"
    xsi:schemaLocation="http://www.loc.gov/MARC21/slim http://www.loc.gov/standards/marcxml/schema/MARC21slim.xsd"
    xmlns="http://www.loc.gov/MARC21/slim">

  <leader>01599nam a22001697a 4500</leader>
  <datafield tag="999" ind1=" " ind2=" ">
    <subfield code="c">39318</subfield>
    <subfield code="d">39318</subfield>
  </datafield>
  <datafield tag="020" ind1=" " ind2=" ">
    <subfield code="a">&#x200E;9789394407138</subfield>
  </datafield>
  <datafield tag="082" ind1=" " ind2=" ">
    <subfield code="a">355.00954</subfield>
    <subfield code="b">SUB-F</subfield>
  </datafield>
  <datafield tag="100" ind1=" " ind2=" ">
    <subfield code="a">Subramaniam, Arjun</subfield>
  </datafield>
  <datafield tag="245" ind1=" " ind2=" ">
    <subfield code="a">Full Spectrum:</subfield>
    <subfield code="b">India's Wars, 1972-2020/</subfield>
    <subfield code="c">Arjun Subramaniam</subfield>
  </datafield>
  <datafield tag="260" ind1=" " ind2=" ">
    <subfield code="a">Haryana:</subfield>
    <subfield code="b">Harper</subfield>
    <subfield code="c">2022.</subfield>
  </datafield>
  <datafield tag="300" ind1=" " ind2=" ">
    <subfield code="a">xiv, 471p.</subfield>
    <subfield code="b">ill;</subfield>
  </datafield>
  <datafield tag="504" ind1=" " ind2=" ">
    <subfield code="a">Includes index</subfield>
  </datafield>
  <datafield tag="520" ind1=" " ind2=" ">
    <subfield code="a">The armed forces have played a key role in protecting India's sovereignty and raising its stature as a stable democracy and responsible regional power. Though the nation's soldiers, sailors and airmen occupy a special place in people's hearts, standard narratives of contemporary Indian history rarely cover the military dimension. In his first book, India's Wars: A Military History, 1947-1971, Arjun Subramaniam attempted to set this right by taking readers on a journey until the liberation of Bangladesh in 1971.

Full Spectrum: India's Wars, 1972-2020 takes the story forward. It is a sweeping account of war and conflict in contemporary India over the past five decades. Covering every major operation that the armed forces have participated in - including the Kargil conflict of 1999, insurgencies in the north-east, terrorism and proxy wars in Jammu and Kashmir, separatist violence in Punjab, the IPKF intervention in Sri Lanka, and the continued stress along the LoC and LAC - it fuses the strategic, operational, tactical and human dimensions of war and conflict into a racy narrative that reflects their changing character in modern times.</subfield>
  </datafield>
  <datafield tag="650" ind1=" " ind2=" ">
    <subfield code="a">History, Military</subfield>
    <subfield code="z">India</subfield>
  </datafield>
  <datafield tag="650" ind1=" " ind2=" ">
    <subfield code="a">Wars</subfield>
    <subfield code="z">India</subfield>
  </datafield>
  <datafield tag="942" ind1=" " ind2=" ">
    <subfield code="2">ddc</subfield>
    <subfield code="c">BK</subfield>
  </datafield>
  <datafield tag="952" ind1=" " ind2=" ">
    <subfield code="0">0</subfield>
    <subfield code="1">0</subfield>
    <subfield code="4">0</subfield>
    <subfield code="7">0</subfield>
    <subfield code="a">NASSDOC</subfield>
    <subfield code="b">NASSDOC</subfield>
    <subfield code="d">2024-03-21</subfield>
    <subfield code="e">Overseas Press India Private Limited</subfield>
    <subfield code="g">504.67</subfield>
    <subfield code="i">20-03-2024</subfield>
    <subfield code="l">0</subfield>
    <subfield code="o">355.00954 SUB-F</subfield>
    <subfield code="p">54405</subfield>
    <subfield code="r">2024-05-24 00:00:00</subfield>
    <subfield code="v">699.00</subfield>
    <subfield code="w">2024-05-24</subfield>
    <subfield code="y">BK</subfield>
  </datafield>
</record>
